| 000 | 01331nam a2200301 i 4500 | ||
|---|---|---|---|
| 003 | EG-GICUC | ||
| 005 | 20260502124609.0 | ||
| 008 | 260502s2014 ua |||fr|||| 00| 0 ara d | ||
| 020 | _a9789773791721 | ||
| 040 |
_a EG-GICUC _bara _c EG-GICUC _d EG-GICUC _erda |
||
| 082 | 0 | 4 |
_221 _a345.43 _bخ ا . ج |
| 092 | 0 | 4 | _221 |
| 099 | _aLaw1 07 345.43 خ ا . ج 2014 | ||
| 100 | 1 |
_aخالد مصطفي فهمي _eمؤلف. |
|
| 245 | 1 | 2 |
_aالجوانب القانونية لحماية الموظف العام : _bدراسة تطبيقية مقارنة علي رجل الشرطة بين الاتفاقيات الدولية والتشريع المصري والتشريعات العربية / _cدكتور خالد مصطفي فهمي. |
| 264 | 1 |
_aالاسكندرية : _bدار الفكر الجامعي، _c2014. |
|
| 300 |
_a529 ؛ صفحة _c24 سم _bإيضاحيات، صور، مثيليات ؛ |
||
| 336 |
_2rda content _atext |
||
| 337 |
_2rda media _aComputer |
||
| 338 |
_2rda carrier _aOnline Resource |
||
| 504 | _aيشتمل علي ارجاعات ببليوجرافية | ||
| 546 | _aالنص باللغة العربية | ||
| 650 | 1 | 4 |
_aحقوق الموظف العام _2qrmak |
| 651 | 1 | _2qrmak | |
| 856 | 4 | 0 | _uhttps://fll.law.cu.edu.eg/fulltext/bks/B07-02626.pdf |
| 905 | _a161 | ||
| 942 |
_2ddc _cBK _e21 _n0 |
||
| 999 |
_c74801 _d74801 |
||